000 00561nam a2200181 a 4500
005 20140311163032.0
008 100818s19uu xx 00 eng d
020 _a0781767849
050 _aRT 49
_b.C38 2004
100 _aMoyet, Lynda Juall Carpenito
245 _aNursing care plans & documentation :
_bnursing diagnoses and collaborative problems.
260 _aPhiladelphia :
_bLippincott Williams & Wilkins,
_c2004.
300 _a1102 p. :
_bill.;
_c26 cm.
521 _aNUR
650 _aNursing care plans.
942 _cBK
_2lcc
_kFOR
999 _c39640
_d39640